The eighth day of creation : (Record no. 7048)

MARC details
000 -LEADER
fixed length control field 01376cam a2200385 a 4500
001 - CONTROL NUMBER
control field 1145338
003 - CONTROL NUMBER IDENTIFIER
control field OSt
005 - DATE AND TIME OF LATEST TRANSACTION
control field 20210830152254.0
008 - FIXED-LENGTH DATA ELEMENTS--GENERAL INFORMATION
fixed length control field 951013s1996 nyuac b 001 0 eng
010 ## - LIBRARY OF CONGRESS CONTROL NUMBER
LC control number 95045151
020 ## - INTERNATIONAL STANDARD BOOK NUMBER
International Standard Book Number 9780879694777 (cloth : alk. paper)
020 ## - INTERNATIONAL STANDARD BOOK NUMBER
International Standard Book Number 0879694777 (cloth : alk. paper)
020 ## - INTERNATIONAL STANDARD BOOK NUMBER
International Standard Book Number 9780879694784 (pbk. : alk. paper)
020 ## - INTERNATIONAL STANDARD BOOK NUMBER
International Standard Book Number 0879694785 (pbk. : alk. paper)
040 ## - CATALOGING SOURCE
Original cataloging agency DLC
Transcribing agency DDC
Modifying agency COU
041 0# - LANGUAGE CODE
Language code of text/sound track or separate title eng
042 ## - AUTHENTICATION CODE
Authentication code nlmcopyc
050 00 - LIBRARY OF CONGRESS CALL NUMBER
Classification number QH506
Item number .J83 1996
060 00 - NATIONAL LIBRARY OF MEDICINE CALL NUMBER
Classification number QU 11.1
Item number J93e 1996
082 00 - DEWEY DECIMAL CLASSIFICATION NUMBER
Classification number 572.8JUD1996
100 1# - MAIN ENTRY--PERSONAL NAME
Personal name Judson, Horace Freeland.
9 (RLIN) 14497
245 14 - TITLE STATEMENT
Title The eighth day of creation :
Remainder of title makers of the revolution in biology /
Statement of responsibility, etc. Horace Freeland Judson.
250 ## - EDITION STATEMENT
Edition statement Expanded ed.
260 ## - PUBLICATION, DISTRIBUTION, ETC. (IMPRINT)
Place of publication, distribution, etc. Plainview, N.Y. :
Name of publisher, distributor, etc. CSHL Press,
Date of publication, distribution, etc. 1996.
300 ## - PHYSICAL DESCRIPTION
Extent xxii, 714 p. :
Other physical details ill., ports. ;
Dimensions 26 cm.
336 ## - CONTENT TYPE
Content type term text
Content type code txt
Source rdacontent
337 ## - MEDIA TYPE
Media type term unmediated
Media type code n
Source rdamedia
338 ## - CARRIER TYPE
Carrier type term volume
Carrier type code nc
Source rdacarrier
504 ## - BIBLIOGRAPHY, ETC. NOTE
Bibliography, etc Includes,bibliographical references and index.
650 12 - SUBJECT ADDED ENTRY--TOPICAL TERM
Topical term or geographic name as entry element DNA
General subdivision history
Authority record control number https://id.nlm.nih.gov/mesh/D004247Q000266
9 (RLIN) 14498
650 22 - SUBJECT ADDED ENTRY--TOPICAL TERM
Topical term or geographic name as entry element Biology
General subdivision history
Authority record control number https://id.nlm.nih.gov/mesh/D012313Q000266
9 (RLIN) 14500
650 22 - SUBJECT ADDED ENTRY--TOPICAL TERM
Topical term or geographic name as entry element Molecular Biology
General subdivision history
Authority record control number https://id.nlm.nih.gov/mesh/D008967Q000266
9 (RLIN) 14503
942 ## - ADDED ENTRY ELEMENTS (KOHA)
Source of classification or shelving scheme Dewey Decimal Classification
Koha item type Open Shelf
Holdings
Withdrawn status Lost status Source of classification or shelving scheme Damaged status Not for loan Home library Current library Date acquired Source of acquisition Inventory number Total Checkouts Full call number Barcode Date last seen Price effective from Koha item type
    Dewey Decimal Classification     MUST Main Library MUST Main Library 30/08/2021 donation 03/20506   572.8JUD1996 2021-0735 30/08/2021 30/08/2021 Open Shelf